All English Football League Stadiums/Grounds. - Statistics

General Stats
  • This quiz has been taken 26 times
  • The average score is 48 of 92
Answer Stats
Hint Answer % Correct
Chelsea Stamford Bridge
95%
Fulham Craven Cottage
91%
Arsenal Emirates
91%
Manchester United Old Trafford
91%
Crystal Palace Selhurst Park
91%
Burnley Turf Moor
91%
Liverpool Anfield
86%
Leeds United Elland Road
86%
Manchester City Etihad Stadium
86%
Aston Villa Villa Park
86%
Wolverhampton Wanderers Molineux Stadium
82%
Sunderland Stadium of Light
82%
Southampton St Mary's Stadium
82%
Brighton American Express Stadium
77%
Sheffield United Bramall Lane
77%
Norwich City Carrow Road
77%
Blackburn Rovers Ewood Park
77%
Everton Hill Dickinson Stadium
77%
Sheffield Wednesday Hillsborough Stadium
77%
Tottenham Hotspur Tottenham Hotspur Stadium
77%
Watford Vicarage Road
77%
Bristol City Ashton Gate
73%
Cardiff City Cardiff City Stadium
73%
Nottingham Forest City Ground
73%
Coventry City Coventry Building Society Arena
73%
Luton Town Kenilworth Road
73%
Birmingham City St Andrews
73%
Newcastle United St James Park
73%
Swansea City Swansea.com Stadium
73%
Millwall The Den
73%
West Bromwich Albion The Hawthorns
73%
Portsmouth Fratton Park
68%
Leicester City King Power Stadium
68%
Queens Park Rangers Loftus Road
68%
West Ham United London Stadium
68%
Ipswich Town Portman Road
68%
Derby County Pride Park
68%
Charlton Athletic The Valley
68%
AFC Bournemouth Vitality Stadium
68%
Stoke City BET365 Stadium
64%
Preston North End Deepdale
64%
Brentford GTech Community Stadium
64%
Reading Madejski Stadium
59%
Milton Keynes Dons Stadium MK
59%
Wrexham The Racecourse
59%
Middlesbrough Riverside Stadium
55%
Port Vale Vale Park
55%
Bradford City Valley Parade
55%
Blackpool Bloomfield Road
50%
Colchester United Colchester Community Stadium
50%
Hull City MKM Stadium
50%
Barnsley Oakwell
50%
Burton Albion Pirelli Stadium
45%
Cambridge United Abbey Stadium
41%
Oldham Athletic Boundary Park
41%
Swindon Town County Ground
41%
Oxford United Kassam Stadium
41%
Exeter City Saint James Park
41%
Plymouth Argyle Home Park
36%
Huddersfield Town Kirklees Stadium
36%
Rotherham United New York Stadium
36%
AFC Wimbledon Plough Lane
36%
Northampton Town Sixfields Stadium
36%
Wycombe Wanderers Adams Park
32%
Grimsby Town Blundell Park
32%
Leyton Orient Brisbane Road
32%
Stockport County Edgeley Park
32%
Notts County Meadow Lane
32%
Tranmere Rovers Preston Park
32%
Bolton Wanderers Toughsheet Community Stadium
32%
Walsall Bescot Stadium
27%
Crewe Alexandra Gresty Road
27%
Peterborough United London Road Stadium
27%
Bristol Rovers Memorial Stadium
27%
Shrewsbury Town New Meadow
27%
Gillingham Priestfield Stadium
27%
Newport County Rodney Parade
27%
Lincoln City Sincil Bank
27%
Barnet The Hive
27%
Stevenage Broadhall Way
23%
Mansfield Town Field Mill
23%
Fleetwood Town Highbury Stadium
23%
Cheltenham Town Whaddon Road
18%
Wigan Athletic Brick Community Stadium
14%
Crawley Town Broadfield Stadium
14%
Doncaster Rovers Eco-Power Stadium
14%
Harrogate Town Wetherby Road
14%
Accrington Stanley Crown Ground
9%
Barrow Holker Street
9%
Salford City Moor Lane
5%
Chesterfield SMH Group Stadium
5%
Bromley Copperjax Community Stadium
0%
No matching quizzes found
Score Distribution
Percent of People with Each Score
Percentile by Number Answered
Your Score History
You have not taken this quiz